01080nam a2200253 a 450000100060000000300060000600500170001200800410002904000180007004100080008808200250009610000450012124501750016625000120034126000920035330000260044550400460047165000390051765100570055671000420061394200120065599900170066795201420068442228UkOxU20211209053518.0160611s1953 nyu b 001 0 eng d aTTJcTTJbeng aeng 223a327.73bSTU 19531 aStebbins, Richard P.d1913-2011.912984414aThe United States in world affairs, 1952 /cby Richard P. Stebbins and the research staff of the Council on Foreign Relations ; with an introduction by William L. Langer. a1st ed. aNew York :bPublished for the Council on Foreign Relations by Harper & Brothers,c1953. axiv, 492 p. ;c23 cm. aIncludes selected bibliography and index. 0aWorld politicsy1945-1955.9129867 0aUnited StatesxForeign relationsy1945-1953.91298482 aCouncil on Foreign Relations.9129728 2ddccBK c42228d42228 00102ddc40708NFICaRUCLbRUCLcStackd1955-01-25eW. B. C. Daccag22.80l0o327.73 STU 1953r2016-06-11 00:00:00tC-2w2016-06-11yBK